000 00278nam a2200121Ia 4500
008 190216s9999||||xx |||||||||||||| ||und||
100 _aGaur V K
245 0 _aScience : A Text Book For Class Viii
260 _bNcert
_c2003
300 _a244
650 _aScience
942 _cREF
999 _c36675
_d36675